000 00425nam a22001697a 4500
003 MPLRDC
005 20220104124325.0
008 210129b ||||| |||| 00| 0 eng d
020 _a957-9431-12-4
082 _a496.5 LSP
100 _a李申平编著
245 _a如何使顾客打开钱包
_c
260 _a
_b满庭芳出版社
_c1991
300 _b
650 _a推销策略; 贩卖术
942 _cBK
_o496.5 LSP
999 _c18423
_d18413